Database design and relational theory : (Record no. 234005)
[ view plain ]
| 000 -LEADER | |
|---|---|
| fixed length control field | 00835nam a22002417a 4500 |
| 005 - DATE AND TIME OF LATEST TRANSACTION | |
| control field | 20250326035811.0 |
| 008 - FIXED-LENGTH DATA ELEMENTS--GENERAL INFORMATION | |
| fixed length control field | 250326b |||||||| |||| 00| 0 eng d |
| 020 ## - INTERNATIONAL STANDARD BOOK NUMBER | |
| International Standard Book Number | 9781484255391 |
| 040 ## - CATALOGING SOURCE | |
| Transcribing agency | AIMIT LIBRARY |
| 082 ## - DEWEY DECIMAL CLASSIFICATION NUMBER | |
| Edition number | 2 |
| Classification number | 005.74 |
| Item number | DATC |
| 100 ## - MAIN ENTRY--PERSONAL NAME | |
| Personal name | Date, C.J. |
| 9 (RLIN) | 206877 |
| 245 ## - TITLE STATEMENT | |
| Title | Database design and relational theory : |
| Remainder of title | normal forms and All that Jazz / |
| Statement of responsibility, etc. | By C.J.Date. |
| 250 ## - EDITION STATEMENT | |
| Edition statement | 2nd ed. |
| 260 ## - PUBLICATION, DISTRIBUTION, ETC. | |
| Place of publication, distribution, etc. | New York : |
| Name of publisher, distributor, etc. | Apress , |
| Date of publication, distribution, etc. | 2025. |
| 300 ## - PHYSICAL DESCRIPTION | |
| Extent | xix,451 p.; |
| Other physical details | PB |
| Dimensions | PB |
| Accompanying material | 26.2 cm. |
| 650 ## - SUBJECT ADDED ENTRY--TOPICAL TERM | |
| Topical term or geographic name entry element | Preliminaries |
| 9 (RLIN) | 206878 |
| 650 ## - SUBJECT ADDED ENTRY--TOPICAL TERM | |
| Topical term or geographic name entry element | Prerequisites |
| 9 (RLIN) | 206879 |
| 650 ## - SUBJECT ADDED ENTRY--TOPICAL TERM | |
| Topical term or geographic name entry element | Functional dependencies boyce codd normal form and related matters |
| 9 (RLIN) | 206880 |
| 650 ## - SUBJECT ADDED ENTRY--TOPICAL TERM | |
| Topical term or geographic name entry element | FD axiomalization |
| 9 (RLIN) | 206881 |
| 650 ## - SUBJECT ADDED ENTRY--TOPICAL TERM | |
| Topical term or geographic name entry element | Implicit dependencies |
| 9 (RLIN) | 206882 |
| 650 ## - SUBJECT ADDED ENTRY--TOPICAL TERM | |
| Topical term or geographic name entry element | Principles of orthogonal design |
| 9 (RLIN) | 206883 |
| 942 ## - ADDED ENTRY ELEMENTS (KOHA) | |
| Source of classification or shelving scheme | Dewey Decimal Classification |
| Koha item type | Book |
| Edition | 2 |
| Call number prefix | 005.74 DATC |
| Withdrawn status | Lost status | Source of classification or shelving scheme | Damaged status | Not for loan | Collection code | Home library | Current library | Date acquired | Source of acquisition | Cost, normal purchase price | Inventory number | Total Checkouts | Full call number | Barcode | Date last seen | Cost, replacement price | Price effective from | Koha item type |
|---|---|---|---|---|---|---|---|---|---|---|---|---|---|---|---|---|---|---|
| Dewey Decimal Classification | MCA | St Aloysius Institute of Management & Information Technology | St Aloysius Institute of Management & Information Technology | 03/11/2025 | Biblios Book Point | 1699.00 | Bill no: 7043; Bill dt:2025-02-2 | 005.74 DATC | MCA17315 | 05/23/2026 | 1325.22 | 03/26/2025 | Book |